Erfolgreichste PlayStation 5-Spiele nach Hauptschurken - Statistiken

Allgemein
  • Dieses Quiz wurde 15 mal gespielt
  • Das Durchschnittsergebnis liegt bei 5 aus 16
Antwortstatistiken
Bildquiz Antwort % Korrekt
God of War: Ragnarök
86%
Marvel's Spider-Man 2
86%
Elden Ring
79%
Ghost of Yōtei
57%
Astro Bot
36%
Monster Hunter Wilds
36%
Assassin's Creed: Shadows
29%
Battlefield 6
21%
Black Myth: Wukong
21%
Final Fantasy XVI
21%
Ratchet & Clank: Rift Apart
21%
Clair Obscur: Expedition 33
14%
ARC Raiders
0%
Demon's Souls
0%
Helldivers 2
0%
Stellar Blade
0%
Keine übereinstimmenden Quizze gefunden
Verteilung der Resultate
Anzahl Personen mit jedem Resultat
Perzentil nach korrekt beantworteten Fragen
Ihre Resultats-Entwicklung
Sie haben dieses Quiz noch nicht gespielt